00664nam a22001817a 4500003000600000005001700006008004100023020001800064020001500082040000800097082001700105100002200122245016300144260006700307300006000374650003000434650001800464GBCCL20251204112009.0251204b |||||||| |||| 00| 0 eng d a9781466484108 a1466484101 cGBC a254.1bDES 1 aDe Souza, Angela  aThe tale of a church planter : bthe ups, downs, frustrations, joys and everything in-between on the roller coaster ride of church planting /cAngela De Souza a[Place of publication not identified]bAngela De Souza, c2012 a227 pages : billustrations (black and white) ; c22 cm a Church development, New  aChurch growth